[Event "Milan Crespi op-B 34th"]
[Site "Milan"]
[Date "2013.12.07"]
[Round "4"]
[White "Lamperti, Gian Loris"]
[Black "Mariucci, Felice"]
[Result "0-1"]
[WhiteElo "1636"]
[BlackElo "1716"]
[PlyCount "62"]
[EventDate "2013.12.04"]
[EventType "swiss"]
[EventRounds "7"]
[EventCountry "ITA"]
[SourceTitle "EXT 2015"]
[Source "ChessBase"]
[SourceDate "2014.11.20"]
[SourceVersion "1"]
[SourceVersionDate "2014.11.20"]
[SourceQuality "1"]

1. d4 Nf6 2. c4 e6 3. Nc3 Bb4 4. f3 Nh5 5. Be3 c6 6. Bf2 d5 7. e4 dxe4 8. fxe4 Nf6 9. Bd3 0-0 10. Nge2 Ng4 11. 0-0 e5 12. d5 Nxf2 13. Rxf2 Bc5 14. Qd2 Bxf2+ 15. Kxf2 Na6 16. Kg1 Nc5 17. Bc2 Qb6 18. Kh1 Qxb2 19. Rb1 Qa3 20. h3 Qa5 21. Qe3 Nd7 22. dxc6 bxc6 23. Ba4 Qc7 24. Rd1 Nb6 25. Bb3 Ba6 26. c5 Nd7 27. Ng3 Nf6 28. Nf5 Ne8 29. Qg5 Kh8 30. Rd2 f6 31. Qg3 Bc8 0-1